000 00440nam a2200181Ia 4500
008 160105s9999 xx 000 0 und d
020 _a0-07-111675-3%0-07-111676-3
041 _afre
245 _aLes plantes de terre de bruyére
260 _aParis
260 _bLarousse
260 _c1988
300 _bill., tabl.
654 _xPLANTE DE CULTURE/CALLUNA VULGARIS
942 _c09
994 _a111799
999 _c11652
_d39650